Un fin de semana de los cinco / (Registro nro. 8412)
[ vista simple ]
| 000 -LEADER | |
|---|---|
| fixed length control field | 00811nam a22002657a 4500 |
| 001 - CONTROL NUMBER | |
| control field | 0074 |
| 003 - CONTROL NUMBER IDENTIFIER | |
| control field | DO-SdBNP |
| 005 - DATE AND TIME OF LATEST TRANSACTION | |
| control field | 20180205135657.0 |
| 007 - PHYSICAL DESCRIPTION FIXED FIELD--GENERAL INFORMATION | |
| fixed length control field | 0074 |
| 008 - FIXED-LENGTH DATA ELEMENTS--GENERAL INFORMATION | |
| fixed length control field | 151021b sp 1979 sp a||||| |||| 00| 0 spa d |
| 020 ## - INTERNATIONAL STANDARD BOOK NUMBER | |
| International Standard Book Number | 8426100139 |
| 040 ## - CATALOGING SOURCE | |
| Original cataloging agency | BPMSU |
| Language of cataloging | spa |
| Transcribing agency | BPMSU |
| 100 1# - MAIN ENTRY--PERSONAL NAME | |
| Personal name | Blyton, Enid |
| 245 10 - TITLE STATEMENT | |
| Title | Un fin de semana de los cinco / |
| Statement of responsibility, etc. | Enid Blyton ; traducción María Victoria Oliva ; ilustración José Correas. |
| 250 ## - EDITION STATEMENT | |
| Edition statement | 9a ed. |
| 260 ## - PUBLICATION, DISTRIBUTION, ETC. (IMPRINT) | |
| Place of publication, distribution, etc. | Barcelona, España : |
| Name of publisher, distributor, etc. | Juventud, |
| Date of publication, distribution, etc. | 1979 |
| 300 ## - PHYSICAL DESCRIPTION | |
| Extent | 160 p. : |
| Other physical details | il., |
| Dimensions | 20 cm. |
| 490 1# - SERIES STATEMENT | |
| Series statement | El club de los siete secretos |
| Volume/sequential designation | 31 |
| 700 12 - ADDED ENTRY--PERSONAL NAME | |
| Personal name | Oliva, María Victoria, |
| Relator term | tr. |
| 700 12 - ADDED ENTRY--PERSONAL NAME | |
| Personal name | Correas, José, |
| Relator term | il. |
| 830 #0 - SERIES ADDED ENTRY--UNIFORM TITLE | |
| Uniform title | El club de los siete secretos |
| Number of part/section of a work | 31 |
| 942 ## - ADDED ENTRY ELEMENTS (KOHA) | |
| Source of classification or shelving scheme | Dewey Decimal Classification |
| Koha item type | Libros |
| 945 ## - LOCAL PROCESSING INFORMATION (OCLC) | |
| a | Inventariado, 2018 /LP |
| 956 ## - LOCAL ELECTRONIC LOCATION AND ACCESS (OCLC) | |
| Host name | Brenda Tavárez |
| Access number | 10 |
| Withdrawn status | Lost status | Source of classification or shelving scheme | Damaged status | Not for loan | Collection code | Home library | Current library | Date acquired | Source of acquisition | Total Checkouts | Barcode | Date last seen | Price effective from | Koha item type |
|---|---|---|---|---|---|---|---|---|---|---|---|---|---|---|
| Dewey Decimal Classification | Colección General | Biblioteca Pública Metropolitana Salomé Ureña | Biblioteca Pública Metropolitana Salomé Ureña | 10/21/2015 | FUNDI | BPMSU15100138 | 10/21/2015 | 10/21/2015 | Libros |